Quiz do Irã - Statistics

Estatísticas Gerais
  • Esse quiz foi jogado 2 183 vezes
  • A pontuação média é 8 de 18
Estatísticas das Respostas
Dica Resposta % Correto
Religião oficial Islã (Xiismo)
92%
Capital Teerã
84%
Língua oficial Persa
82%
Tipo de exportação mais importante Óleo
76%
País que entrou em guerra contra o Irã entre 1980 e 1988 Iraque
68%
O mar que faz fronteira ao norte Mar Cáspio
54%
Título do líder Iraniano que foi derrubado em 1979
44%
O Irã é o único país não-africano com uma população nativa desse felino Guepardo
41%
"Grandes" reis da Pérsia antiga Xerxes
41%
Título religioso do acima Aiatolá
36%
"Grandes" reis da Pérsia antiga Dario
32%
A maior parte do Irã é localizada nessa região {Planalto} iraniano
27%
Líder da revolução de 1979 Ruhollah Khomeini
26%
"Grandes" reis da Pérsia antiga Ciro
25%
Estreito entre o golfo Pérsico e o golfo de Omã Estreito de {Ormuz}
24%
Moeda oficial Rial
23%
Esporte nacional Luta Livre Olímpica
8%
Cordilheira começando com Z Zagros
8%
Nenhum quiz correspondente encontrado
Distribuição das Pontuações
Porcentagem de Pessoas com Cada Pontuação
Percentil de Números Respondidos
Sua Pontuação Histórica
Você não jogou esse quiz